Trombinoscope de la Révolution française - Statistiques

Statistiques générales
  • Ce quiz a été pris 40 fois
  • Le résultat moyen est 16 sur 49
Statistiques - réponses
Hint Réponse % Correct
Jean-Paul Marat
73%
Napoléon Bonaparte
70%
Marie-Antoinette
70%
Georges Danton
67%
Maximilien de Robespierre
67%
Louis-Stanislas, comte de Provence (Louis XVIII)
67%
François-René de Chateaubriand
63%
Louis XVI
60%
Charlotte Corday
60%
Louis XVII
60%
Camille Desmoulins
50%
Olympe de Gouges
50%
Charles, comte d'Artois (Charles X)
43%
Manon Roland
43%
Honoré Gabriel Riqueti de Mirabeau
43%
Gilbert du Motier de La Fayette
43%
Jacques-Louis David
37%
Fabre d'Églantine
33%
Jean Chouan
33%
Charles-Henri Sanson
30%
Louis Antoine Léon de Saint-Just
30%
Joseph Fouché
30%
Jean-Baptiste Drouet
23%
Claude Joseph Rouget de Lisle
23%
Emmanuel Joseph Sieyès
23%
Jean-Baptiste Kléber
23%
Charles-Maurice de Talleyrand-Périgord
23%
Jacques Necker
23%
Antoine Lavoisier
23%
Louis Philippe d'Orléans / Philippe Égalité
23%
Charles François Dumouriez
20%
Jean Sylvain Bailly
20%
Antoine Fouquier-Tinville
20%
Gracchus Babeuf
20%
Henri Grégoire
20%
Paul Barras
17%
Jacques-René Hébert
17%
Joseph Ignace Guillotin
17%
Nicolas de Condorcet
17%
Bernard René Jourdan de Launay
13%
Georges Couthon
13%
Jean-Marie Collot d'Herbois
13%
Jean-Joseph Mounier
10%
Charles-Guillaume-Ferdinand de Brunswick-Wolfenbüttel
10%
Jean-Marie Roland de la Platière
10%
Jérôme Pétion de Villeneuve
10%
Jacques Nicolas Billaud-Varenne
10%
Antoine Barnave
10%
Henri-Évrard de Dreux-Brézé
10%
Aucun quiz correspondant
Distribution des résultats
% des personnes avec chaque résultat
Percentile par nombre de réponses
Votre historique - résultats
Vous n’avez pas pris ce quiz